000 00513cab a2200205 4500
001 X3379
008 090401t1996 xxu||||| |||| 00| 0 eng d
035 _a(Sirsi) u30092
041 _aeng
245 _aChurch Commissioners v Alemarah
260 _c1996
350 _a0
490 _aNew Property Cases
_v[1996] NPC 75
650 _aCHURCH COMMISSIONERS V ALEMARAH
650 _aMATRIMONIAL HOMES ACT 1983
650 _aSTATUTORY TENANCY
690 _aLAW-CASE LAW
942 _n0
948 _c04/03/1997
999 _c20263
_d20263